<?xml version="1.0" encoding="UTF-8"?><?xml-stylesheet type="text/xsl" href="static/style.xsl"?><OAI-PMH xmlns="http://www.openarchives.org/OAI/2.0/" xmlns:xsi="http://www.w3.org/2001/XMLSchema-instance" xsi:schemaLocation="http://www.openarchives.org/OAI/2.0/ http://www.openarchives.org/OAI/2.0/OAI-PMH.xsd"><responseDate>2026-04-14T08:01:56Z</responseDate><request verb="GetRecord" identifier="oai:www.recercat.cat:10230/32655" metadataPrefix="marc">https://recercat.cat/oai/request</request><GetRecord><record><header><identifier>oai:recercat.cat:10230/32655</identifier><datestamp>2025-12-18T01:25:06Z</datestamp><setSpec>com_2072_6</setSpec><setSpec>col_2072_452952</setSpec></header><metadata><record xmlns="http://www.loc.gov/MARC21/slim" xmlns:dcterms="http://purl.org/dc/terms/" xmlns:xsi="http://www.w3.org/2001/XMLSchema-instance" xmlns:doc="http://www.lyncode.com/xoai" xsi:schemaLocation="http://www.loc.gov/MARC21/slim http://www.loc.gov/standards/marcxml/schema/MARC21slim.xsd">
   <leader>00925njm 22002777a 4500</leader>
   <datafield ind2=" " ind1=" " tag="042">
      <subfield code="a">dc</subfield>
   </datafield>
   <datafield ind2=" " ind1=" " tag="720">
      <subfield code="a">Medina Bravo, Pilar, 1966-</subfield>
      <subfield code="e">author</subfield>
   </datafield>
   <datafield ind2=" " ind1=" " tag="720">
      <subfield code="a">Figueras Maz, Mònica</subfield>
      <subfield code="e">author</subfield>
   </datafield>
   <datafield ind2=" " ind1=" " tag="720">
      <subfield code="a">Gómez Puertas, Lorena, 1978-</subfield>
      <subfield code="e">author</subfield>
   </datafield>
   <datafield ind2=" " ind1=" " tag="260">
      <subfield code="c">2017-07-27T13:40:58Z</subfield>
   </datafield>
   <datafield ind2=" " ind1=" " tag="260">
      <subfield code="c">2017-07-27T13:40:58Z</subfield>
   </datafield>
   <datafield ind2=" " ind1=" " tag="260">
      <subfield code="c">2014</subfield>
   </datafield>
   <datafield ind2=" " ind1=" " tag="520">
      <subfield code="a">El trabajo analiza de qué manera las revistas dedicadas a los temas de embarazo, parto y crianza ahondan en el modelo de «maternidad intensiva» de Hays (1998). Según la autora, este ideal de perfección maternal representa un gran el peso emocional porque deposita la tarea de la crianza en la mujermadre. En el artículo se concretan las características del modelo y se analiza su presencia en las secciones de expertos de las tres revistas familiares de mayor consumo en España (Mi bebé y yo, Ser padres. La revista del bebé y la familia, y El mundo de tu bebé). Para descubrir las estructuras narrativas predominantes, el análisis del discurso se basa en la caracterización y jerarquización de los protagonistas a partir de los roles actanciales ejercidos (madres, padres, bebés y expertos).</subfield>
   </datafield>
   <datafield ind2=" " ind1=" " tag="520">
      <subfield code="a">This paper analyzes how those magazines devoted to the issues of pregnancy, childbirth and parenting delve into the model of «intensive motherhood» (Hays, 1998). According to Hays, this ideal of perfection is a major maternal emotional burden because it places the challenge of raising the womanmother. In this article we specify the main characteristics of the model and analyze its presence in the expert sections of the three most selling family magazines in Spain (Mi bebé y yo, Ser padres. La revista del bebé y la familia, and El mundo de tu bebé). To uncover the dominant narrative structures, we analyze discourse by means of narrative semiotics, defining the actatial roles played by the characters (mothers, fathers, babies and experts).</subfield>
   </datafield>
   <datafield tag="653" ind2=" " ind1=" ">
      <subfield code="a">Maternidad</subfield>
   </datafield>
   <datafield tag="653" ind2=" " ind1=" ">
      <subfield code="a">Revistas de familia</subfield>
   </datafield>
   <datafield tag="653" ind2=" " ind1=" ">
      <subfield code="a">Estereotipos de género</subfield>
   </datafield>
   <datafield tag="653" ind2=" " ind1=" ">
      <subfield code="a">Bebés</subfield>
   </datafield>
   <datafield tag="653" ind2=" " ind1=" ">
      <subfield code="a">Motherhood</subfield>
   </datafield>
   <datafield tag="653" ind2=" " ind1=" ">
      <subfield code="a">Family magazines</subfield>
   </datafield>
   <datafield tag="653" ind2=" " ind1=" ">
      <subfield code="a">Gender stereotypes</subfield>
   </datafield>
   <datafield tag="653" ind2=" " ind1=" ">
      <subfield code="a">Babies</subfield>
   </datafield>
   <datafield ind2="0" ind1="0" tag="245">
      <subfield code="a">El Ideal de madre en el siglo XXI: la representación de la maternidad en las revistas de familia</subfield>
   </datafield>
   <datafield ind2="0" ind1="0" tag="245">
      <subfield code="a">The ideal mother in the XXI century: the representation of motherhood in family magazines</subfield>
   </datafield>
</record></metadata></record></GetRecord></OAI-PMH>